| 000 | 00667cam a22002293a 4500 | ||
|---|---|---|---|
| 001 | 45350 | ||
| 003 | PGUSA | ||
| 005 | 20140828084040.0 | ||
| 008 | 140408s2014||||xxu|||||s|||||000 | eng d | ||
| 040 |
_aPGUSA _beng |
||
| 042 | _adc | ||
| 100 | 1 |
_aHarting, Pieter, _d1812-1885 |
|
| 245 | 1 | 0 |
_aAnno Domini 2071 : _bTranslated from the Dutch Original _h[electronic resource] / _cPieter Harting |
| 260 |
_bProject Gutenberg, _c2014 |
||
| 506 | _aPublic domain in the USA. | ||
| 516 | _aElectronic text | ||
| 653 | _aUtopias | ||
| 700 | 1 | _aBikkers, Alex. V. W. | |
| 830 | 0 |
_aProject Gutenberg _v45350 |
|
| 856 | 4 | 0 | _uhttp://www.gutenberg.org/ebooks/45350 |
| 942 | _cEB | ||
| 999 |
_c274601 _d274601 |
||